NLSUI OPAC header image

40 years of human rights protection by the council of Europe : Achivements, prospectus and pan-European vocation and 40th anniversary of the signing of the European convention on human rights (Record no. 17440)

MARC details
000 -LEADER
fixed length control field 00509nam a2200157Ia 4500
008 - FIXED-LENGTH DATA ELEMENTS--GENERAL INFORMATION
fixed length control field 160316s1994 xxu||||| |||| 00| 0 eng d
082 ## - DEWEY DECIMAL CLASSIFICATION NUMBER
Classification number 0.000000
Item number
100 ## - MAIN ENTRY--PERSONAL NAME
Personal name
245 ## - TITLE STATEMENT
Title 40 years of human rights protection by the council of Europe : Achivements, prospectus and pan-European vocation and 40th anniversary of the signing of the European convention on human rights
250 ## - EDITION STATEMENT
Edition statement
260 ## - PUBLICATION, DISTRIBUTION, ETC.
Place of publication, distribution, etc. Strasbourg
Name of publisher, distributor, etc. Council of Europe
Date of publication, distribution, etc. 1994
300 ## - PHYSICAL DESCRIPTION
Extent 77p
Other physical details
Dimensions
365 ## - TRADE PRICE
Price amount
650 ## - SUBJECT ADDED ENTRY--TOPICAL TERM
Topical term or geographic name entry element
700 ## - ADDED ENTRY--PERSONAL NAME
Personal name
--
Holdings
Withdrawn status Lost status Damaged status Not for loan Home library Current library Shelving location Date acquired Total Checkouts Full call number Barcode Date last seen Price effective from Koha item type Public note
      Not For Loan . . Doc Centre (Journal Section) 13.02.2020   0.000000 REP465 30.05.2017 30.05.2017 Repository Available In On-Line